Αθηναίων πολιτεία

Αποθηκεύτηκε σε:
Λεπτομέρειες βιβλιογραφικής εγγραφής
Κύριος συγγραφέας: Αριστοτέλης, 384-322
Άλλοι συγγραφείς: Μπάλλα, Χλόη (trlf), Wallace, Robert (Συγγραφέας εισαγωγής κ.λπ.)
Μορφή: Βιβλίο
Γλώσσα:Greek
Ancient Greek
Δημοσίευση: Αθήνα : Εταιρεία Μελέτης των Επιστημών του Ανθρώπου ; Νήσος, 2015.
Σειρά:Αριστοτέλης έργα
Θέματα:
Ετικέτες: Προσθήκη ετικέτας
Δεν υπάρχουν, Καταχωρήστε ετικέτα πρώτοι!

MARC

LEADER 00000nam a2200000 a 4500
001 1/119130
008 190611s2015####gr ||||||| |||| ||gre||
020 |a 9789605890162 
040 |a GR-MyUa  |b gre  |c GR-MyUa  |e AACR2 
041 1 |a gre  |h grc 
082 7 |a 185  |2 (23) 
100 1 |a Αριστοτέλης,   |d 384-322. 
245 1 0 |a Αθηναίων πολιτεία /   |c Αριστοτέλης ; μετάφραση, εισαγωγή, επιμέλεια: Χλόη Μπάλλα ; πρόλογος, σχόλια: Robert W. Wallace.  
260 |a Αθήνα :   |b Εταιρεία Μελέτης των Επιστημών του Ανθρώπου ;   |b Νήσος,   |c 2015.  
300 |a 296 σ. ;   |c 24 εκ.  
490 1 |a (Αριστοτέλης έργα ;   |v 21)  
500 |a Τόμος εικοστός πρώτος. Πρωτότυπο κείμενο και νεοελληνική απόδοση σε αντικρυστές σελίδες.  
650 0 |a Philosophy, Ancient 
700 1 |a Μπάλλα, Χλόη,  |e trlf 
700 1 |a Wallace, Robert,  |e aui 
830 0 |a Αριστοτέλης έργα 
852 |a INST  |b LESVOS  |c EUDOXUS  |e 20190611  |h 185 ΑΡΙ  |p 005100061879  |q 005100061879  |t EDX  |y 0 
920 |a Εύδοξος  |b Παραγγελία  |y Λέσβος-ΤΚΑΙ  |z 2019-06 
970 |a Δημάκη  |b Μαρία  |z 11-06-2019